|
|
|
|
| LEADER |
00000nbm0a2200000 4500 |
| 001 |
322612 |
| 005 |
20231101022352.0 |
| 035 |
|
|
|a (RuTPU)RU\TPU\book\348171
|
| 035 |
|
|
|a RU\TPU\book\348169
|
| 090 |
|
|
|a 322612
|
| 100 |
|
|
|a 20160930j20160914k y0rusy50 ca
|
| 101 |
0 |
|
|a rus
|
| 102 |
|
|
|a RU
|
| 105 |
|
|
|a a m 001zy
|
| 200 |
1 |
|
|a Синтез и некоторые свойства N-нитросемикарбазонов
|e диссертация на соискание ученой степени кандидата химических наук
|e спец. 02.00.03
|f В. С. Глухачева
|g Российская академия наук (РАН), Сибирское отделение (СО), Институт проблем химико-энергетических технологий ; науч. рук. С. Г. Ильясов
|
| 210 |
|
|
|a Бийск
|c [Б. и.]
|d 2016
|
| 215 |
|
|
|a 144 л.
|c ил.
|
| 229 |
|
|
|a Защищена 14.09.2016 г.
|
| 320 |
|
|
|a Библиогр.: с. 134-144 (101 назв.)
|
| 452 |
|
1 |
|0 (RuTPU)RU\TPU\book\349058
|t Синтез и некоторые свойства N-нитросемикарбазонов
|o диссертация на соискание ученой степени кандидата химических наук
|o спец. 02.00.03
|f В. С. Глухачева
|g Российская академия наук (РАН), Сибирское отделение (СО), Институт проблем химико-энергетических технологий ; науч. рук. С. Г. Ильясов
|c Бийск
|d 2016
|a Глухачева, Вера Сергеевна
|
| 606 |
1 |
|
|a N-нитросемикарбазоны
|2 stltpush
|3 (RuTPU)RU\TPU\subj\75634
|
| 610 |
1 |
|
|a нитросемикарбазиды
|
| 610 |
1 |
|
|a строение
|
| 610 |
1 |
|
|a синтез
|
| 610 |
1 |
|
|a координационные соединения
|
| 610 |
1 |
|
|a гидразоны
|
| 610 |
1 |
|
|a биологически активные вещества
|
| 610 |
1 |
|
|a высокоэнергетические соединения
|
| 610 |
1 |
|
|a получение
|
| 610 |
1 |
|
|a диссертации
|
| 675 |
|
|
|a 547.28(04)
|v 3
|
| 686 |
|
|
|a 02.00.03
|2 oksvnk
|
| 700 |
|
1 |
|a Глухачева
|b В. С.
|g Вера Сергеевна
|
| 702 |
|
1 |
|a Ильясов
|b С. Г.
|g Сергей Гаврилович
|4 727
|
| 712 |
0 |
2 |
|a Российская академия наук (РАН)
|b Сибирское отделение (СО)
|b Институт проблем химико-энергетических технологий
|2 stltpush
|3 (RuTPU)RU\TPU\col\7961
|
| 801 |
|
1 |
|a RU
|b 63413507
|c 20160930
|
| 801 |
|
2 |
|a RU
|b 63413507
|c 20161020
|g RCR
|
| 942 |
|
|
|c BK
|